El descubrimiento de la sombra: la historia de un enigma que ha fascinado a los grandes genios de la humanidad, de Platón a galileo
Kaydedildi:
| Yazar: | |
|---|---|
| Materyal Türü: | Kitap |
| Dil: | İspanyolca |
| Baskı/Yayın Bilgisi: |
Madrid
Debate
2001
|
| Seri Bilgileri: | Pequeña Gran Historia
|
| Konular: | |
| Etiketler: |
Etiketle
Etiket eklenmemiş, İlk siz ekleyin!
|
MARC
| LEADER | 00000nam a2200000 a 4500 | ||
|---|---|---|---|
| 001 | UCM6428 | ||
| 003 | CL-VaPUC | ||
| 008 | 021108e20010000SP |||||||||||||||||spa|d | ||
| 082 | 0 | 4 | |a 535.4 |b CAS |2 21 |
| 100 | 0 | |a Casati, Roberto |e author |9 472296 | |
| 245 | 1 | 3 | |a El descubrimiento de la sombra: la historia de un enigma que ha fascinado a los grandes genios de la humanidad, de Platón a galileo |
| 300 | |a 266 p | ||
| 942 | |c BK | ||
| 945 | |d 20021108 00:00:00 |a cmena | ||
| 260 | |a Madrid |b Debate |c 2001 | ||
| 650 | 0 | |a Sombras |9 369439 | |
| 650 | 7 | |a DISPERSION DE LUZ |2 CL-VaPUC |9 472297 | |
| 650 | 7 | |a ECLIPSES |2 CL-VaPUC |9 370526 | |
| 650 | 7 | |a FENOMENOS FISICOS |2 CL-VaPUC |9 472298 | |
| 650 | 0 | |a Velocidad |9 311814 | |
| 650 | 0 | |a Investigación científica |9 259857 | |
| 583 | |a last modification |c 20021108 00:00:00 |k Rodrigo Vera | ||
| 490 | 0 | |a Pequeña Gran Historia | |
| 999 | |c 301832 |d 301830 | ||
| 952 | |0 0 |1 0 |4 0 |6 535_400000000000000_CAS_2001 |7 0 |8 A |9 361495 |a BIBARQ |b BIBARQ |d 2019-11-21 |i 3841782 |l 3 |o 535.4 CAS 2001 |p 3841782 |r 2025-01-20 |s 2022-06-13 |w 2019-11-21 |y BK |k ARQ | ||